Ear, nose, and throat and head and neck surgery : (Record no. 118173)

MARC details
000 -LEADER
fixed length control field 00839cam a2200277Ii 4500
008 - FIXED-LENGTH DATA ELEMENTS--GENERAL INFORMATION
fixed length control field
020 ## - INTERNATIONAL STANDARD BOOK NUMBER
International Standard Book Number 0443059551 (pbk.)
049 00 - LOCAL HOLDINGS (OCLC)
Holding library MAIN
090 ## - LOCALLY ASSIGNED LC-TYPE CALL NUMBER (OCLC); LOCAL CALL NUMBER (RLIN)
Classification number (OCLC) (R) ; Classification number, CALL (RLIN) (NR) RF51
Local cutter number (OCLC) ; Book number/undivided call number, CALL (RLIN) DHI
003 - CONTROL NUMBER IDENTIFIER
control field
005 - DATE AND TIME OF LATEST TRANSACTION
control field 20230120204145.0
040 ## - CATALOGING SOURCE
Transcribing agency NUST
100 1# - MAIN ENTRY--PERSONAL NAME
Personal name Dhillon, R. S.
245 10 - TITLE STATEMENT
Title Ear, nose, and throat and head and neck surgery :
Remainder of title an illustrated colour text /
Statement of responsibility, etc. R.S. Dhillon, C.A. East.
250 ## - EDITION STATEMENT
Edition statement 2nd ed.
260 ## - PUBLICATION, DISTRIBUTION, ETC.
Place of publication, distribution, etc. Edinburgh :
Name of publisher, distributor, etc. Elsevier,
Date of publication, distribution, etc. 1994.
500 ## - GENERAL NOTE
General note Includes index.
650 #0 - SUBJECT ADDED ENTRY--TOPICAL TERM
Topical term or geographic name entry element Otolaryngology, Operative.
650 12 - SUBJECT ADDED ENTRY--TOPICAL TERM
Topical term or geographic name entry element Otorhinolaryngologic Diseases
General subdivision diagnosis.
650 12 - SUBJECT ADDED ENTRY--TOPICAL TERM
Topical term or geographic name entry element Otorhinolaryngologic Diseases
General subdivision therapy.
650 22 - SUBJECT ADDED ENTRY--TOPICAL TERM
Topical term or geographic name entry element Head
General subdivision surgery.
650 22 - SUBJECT ADDED ENTRY--TOPICAL TERM
Topical term or geographic name entry element Neck
General subdivision surgery.
700 1# - ADDED ENTRY--PERSONAL NAME
Personal name East, C. A.
907 ## - LOCAL DATA ELEMENT G, LDG (RLIN)
a .b10353999
b 27-01-15
c 27-01-15
942 ## - ADDED ENTRY ELEMENTS (KOHA)
Koha item type Ordinary Loan Books
Call number prefix RF51
Call number suffix DHI
Holdings
Date last seen Total Checkouts Full call number Barcode Cost, replacement price Price effective from Koha item type Lost status Source of classification or shelving scheme Damaged status Not for loan Collection Withdrawn status Home library Current library Shelving location Date acquired Cost, normal purchase price
01/20/2023 1 RF51 DHI 92004039230 80.00 01/20/2023 BOOKS   lcc     NFIC   Medical Medical GEN 01/20/2023 80.00